01026cam a22003614i 4500003000900000005001700009008004100026020001500067035002700082040003300109082001900142100003200161245004400193264004300237300003800280336002100318337002500339338002300364504002800387505010700415526001000522526001000532526001000542526001000552526000800562526000800570526000800578526000800586526000800594526000800602526000800610650004600618PE-LiUPU20250731173524.0150616s r 000 0 d a0830816666 a(Sirsi) i9780830816668 aPE-LiUPUbspacPE-LiUPUerda04a259.4bC262211 aCarlson, Dwight L.,eautor.10aWhy do Christians Shoot Their Wounded?. 1aIllinois :bInterVarsity Press,c1994. a174 páginas ;c21 centímetros atext2rdacontent aunmediated2rdamedia avolume2rdacarrier aIncluye bibliografía.0 aHow and why we shoot the wounded.- What causes emotional illness?.- How shall the wounded be mended?. aSEG42 aSEG41 aSEG40 aSEG39 aP94 aP87 aP86 aP85 aP77 aP76 aP3504aTRABAJO DE IGLESIA CON ENFERMOS MENTALES.